Toxicologie des cannabinoïdes de synthèse (notice n° 1724974)
[ vue normale ]
| 000 -LEADER | |
|---|---|
| fixed length control field | 02790cam a2200301 4500500 |
| 005 - DATE AND TIME OF LATEST TRANSACTION | |
| control field | 20260322002619.0 |
| 041 ## - LANGUAGE CODE | |
| Language code of text/sound track or separate title | fre |
| 042 ## - AUTHENTICATION CODE | |
| Authentication code | dc |
| 100 10 - MAIN ENTRY--PERSONAL NAME | |
| Personal name | Moutaouakkil, Youssef |
| Relator term | author |
| 245 00 - TITLE STATEMENT | |
| Title | Toxicologie des cannabinoïdes de synthèse |
| 260 ## - PUBLICATION, DISTRIBUTION, ETC. | |
| Date of publication, distribution, etc. | 2024.<br/> |
| 500 ## - GENERAL NOTE | |
| General note | 20 |
| 520 ## - SUMMARY, ETC. | |
| Summary, etc. | Synthetic cannabinoids (CS), or synthetic endocannabinoid receptor agonists, were initially synthesized for basic research into exocannabinoid signaling pathways, as well as in clinical research for their analgesic properties. The use of CS for recreational purposes is a recent phenomenon, but one that has grown very quickly in recent years, since these molecules now represent the main category of new synthetic products (NPS). This literature review aims to bring together current data regarding the use and effects caused by CS in humans. The relationship between the structure and activity of these CSs, the pharmacology and adverse effects of these CSs and finally the different methods of analyzing CSs. A better understanding of this phenomenon is essential to raise awareness among stakeholders in the health field. |
| 520 ## - SUMMARY, ETC. | |
| Summary, etc. | Les cannabinoïdes de synthèse (CS), ou agonistes synthétiques des récepteurs aux endocannabinoïdes, ont été initialement synthétisés pour la recherche fondamentale sur les voies de signalisation des exocannabinoïdes, ainsi qu’en recherche clinique pour leurs propriétés analgésiques. L’usage des CS à des fins récréatives est un phénomène récent, mais qui a pris très rapidement de l’ampleur au cours des dernières années, puisque ces molécules représentent aujourd’hui la principale catégorie des nouveaux produits de synthèse (NPS). Cette revue de la littérature a pour but de regrouper les données actuelles concernant l’utilisation et les effets provoqués par les CS chez l’homme. La relation entre la structure et l’activité de ces CS, la pharmacologie et les effets indésirables de ces CS et enfin les différentes méthodes d’analyse des CS. Une meilleure compréhension de ce phénomène est indispensable pour sensibiliser les acteurs du champ sanitaire. |
| 690 ## - LOCAL SUBJECT ADDED ENTRY--TOPICAL TERM (OCLC, RLIN) | |
| Topical term or geographic name as entry element | cannabinoïdes de synthèse |
| 690 ## - LOCAL SUBJECT ADDED ENTRY--TOPICAL TERM (OCLC, RLIN) | |
| Topical term or geographic name as entry element | nouveaux produits de synthèse |
| 690 ## - LOCAL SUBJECT ADDED ENTRY--TOPICAL TERM (OCLC, RLIN) | |
| Topical term or geographic name as entry element | toxicologie |
| 690 ## - LOCAL SUBJECT ADDED ENTRY--TOPICAL TERM (OCLC, RLIN) | |
| Topical term or geographic name as entry element | new synthetic products |
| 690 ## - LOCAL SUBJECT ADDED ENTRY--TOPICAL TERM (OCLC, RLIN) | |
| Topical term or geographic name as entry element | synthetic cannabinoids |
| 690 ## - LOCAL SUBJECT ADDED ENTRY--TOPICAL TERM (OCLC, RLIN) | |
| Topical term or geographic name as entry element | toxicology |
| 700 10 - ADDED ENTRY--PERSONAL NAME | |
| Personal name | Mounir, Radia |
| Relator term | author |
| 700 10 - ADDED ENTRY--PERSONAL NAME | |
| Personal name | El Cadi, Mina Ait |
| Relator term | author |
| 700 10 - ADDED ENTRY--PERSONAL NAME | |
| Personal name | Lamsaouri, Jamal |
| Relator term | author |
| 700 10 - ADDED ENTRY--PERSONAL NAME | |
| Personal name | Bousliman, Yassir |
| Relator term | author |
| 700 10 - ADDED ENTRY--PERSONAL NAME | |
| Personal name | ElJaoudi, Rachid |
| Relator term | author |
| 786 0# - DATA SOURCE ENTRY | |
| Note | Annales de Biologie Clinique | 82 | 2 | 2024-03-01 | p. 151-173 | 0003-3898 |
| 856 41 - ELECTRONIC LOCATION AND ACCESS | |
| Uniform Resource Identifier | <a href="https://stm.cairn.info/revue-annales-de-biologie-clinique-2024-2-page-151?lang=fr&redirect-ssocas=7080">https://stm.cairn.info/revue-annales-de-biologie-clinique-2024-2-page-151?lang=fr&redirect-ssocas=7080</a> |
Pas d'exemplaire disponible.




Réseaux sociaux